000
00255 a2200109 4500
001
51072
040
_c
Anchieta - Pituba
240
1
0
_a
Novas situações de aprendizagem
_l
245
1
0
_a
Novas situações de aprendizagem
650
4
_a
Educação
942
_c
MX
999
_c
51072
_d
51072